000 00548nam a2200205Ia 4500
008 160319s9999 xx 000 0 und d
245 _aWee sing around the world /
245 _cPamela Conn Beall; Susan Hagen Nipp.
260 _aNew York :
260 _bPrice Stern Sloan.
260 _c1994
300 _a1 sound disc :
300 _bdigital :
300 _c4 3/4 in.
650 _aChildren's songs --
650 _aSongs --
650 _aSongs.
650 _xJuvenile sound recordings.
650 _xJuvenile sound recordings.
999 _c292760
_d292760